| 000 | 00685nam a2200205Ia 4500 | ||
|---|---|---|---|
| 008 | 140626s9999 xx 000 0 und d | ||
| 100 | _aChang-Yu Ting. | ||
| 245 |
_aMenarche and menstruation through the eyes of pubescent students in Eastern Taiwan : _b implications in sociocultural influence and gender differences issues / _cChang-Yu Ting ... [et al.]. |
||
| 260 | _cc2013. | ||
| 300 | _a21 : 1, page 10 | ||
| 440 | _aThe Journal of Nursing Research (JNR) | ||
| 521 | _aNUR | ||
| 650 | _aGender differences. | ||
| 650 | _aMenstruation. | ||
| 650 | _aPerspectives. | ||
| 650 | _aPubescent. | ||
| 650 | _aQualitative research. | ||
| 650 | _aSociocultural. | ||
| 942 | _cSE | ||
| 999 |
_c121393 _d121393 |
||